000 00274nam a22001337a 4500
008 170525b xxu||||| |||| 00| 0 eng d
020 _a3540514880
041 _ager
080 _a62
100 _a26
101 _aIM
245 _aFACHBERICHTE
_cROGOS,J
942 _2udc
_cBK
999 _c14220
_d14220